Finanční toky ve sportu v České republice

Vplyv verejných a súkromných financií na šport v ČR. Význam českých športových klubov pre rozvoj regiónov. Príjmy klubov z prenájmu, Príspevky na prevádzku a údržbu klubov z miestnych samospráv, od štátu, z vlastných zdrojov zastrešujúcich športových organizácií.

Salvato in:
Dettagli Bibliografici
Autore principale: Mrvík, Stanislav
Natura: Capitolo di libro
Lingua:ceco
Soggetti:
Tags: Aggiungi Tag
Nessun Tag, puoi essere il primo ad aggiungerne!!

MARC

LEADER 00000naa$a2200000$$$4500
001 0038332
005 20221207105140.4
041 0 |a cze 
044 |a SK 
245 1 0 |a Finanční toky ve sportu v České republice  |c Stanislav Mrvík 
520 |a Vplyv verejných a súkromných financií na šport v ČR. Význam českých športových klubov pre rozvoj regiónov. Príjmy klubov z prenájmu, Príspevky na prevádzku a údržbu klubov z miestnych samospráv, od štátu, z vlastných zdrojov zastrešujúcich športových organizácií. 
610 2 0 |a šport 
610 2 0 |a financie 
610 2 0 |a financovanie 
610 2 0 |a Česko 
100 1 |a Mrvík, Stanislav